00593nam a22002057a 450000500170000001000130001702000230003003500130005303700160006604000120008208200130009410000200010724500510012726000410017827000670021930000200028650000200030665000220032665000390034820170124110153.0 aB-062885 c400.00a8170392446 aB-062885 bCen Lib/Ret aDPLbEN a080bALE aAlexander, P.C. aIndian in the millennium /cby P.C. Alexander  aMumbai bSomaiya Publications c2001 bMumbai a172, mumbai marathi granthasanghralaya marg e4130230 a288p.c21cm(Hb) aIncludes index  aPolitical science aRight and left (Political science)